Normal view MARC view
  • Escuela Nacional Preparatoria (México)

Entry Nombre Corporativo

Number of records used in: 4

001 - NÚMERO DE CONTROL

  • campo de control: 21965

003 - IDENTIFICADOR DE NUMERO DE CONTROL

  • campo de control: DLC

005 - FECHA Y HORA DE LA ÜLTIMA TRANSACCIÓN

  • campo de control: 20240924155906.0

008 - DATOS DE LONGITUD FIJA

  • campo de control de longitud fija: 240924na|acannaabn n ana |d

010 ## - NÚMERO DE CONTROL DE LA BIBLIOTECA DEL CONGRESO

  • LC control number: n 85079554

035 ## - NÚMERO DE CONTROL

  • Número de control: UPN10000021974

035 ## - NÚMERO DE CONTROL

  • Número de control: (OCoLC)oca01317868

040 ## - FUENTE DE CATALOGACIÓN

  • Lenguaje de catalogación: spa
  • Agencia transcribe: DLC
  • Agencia original de catalogación: DLC
  • Agencia modificadora: DLC
  • Agencia modificadora: TxU
  • Agencia modificadora: UPB
  • Agencia modificadora: MX-MxUPN

110 2# - ENCABEZAMIENTO - NOMBRE CORPORATIVO

  • Nombre corporativo o de jurisdicción como elemento de entrada : Escuela Nacional Preparatoria (México)

410 2# - MENCIÓN DE REFERENCIA “VÉASE” – NOMBRE DE ENTIDAD CORPORATIVA

  • Corporate name or jurisdiction name as entry element: UNIVERSIDAD NACIONAL AUTONOMA DE MEXICO.
  • Subordinate unit: ESCUELA NACIONAL PREPARATORIA
  • Control subfield: nna

670 ## - FUENTE EN LA QUE SE LOCALIZARON DATOS

  • Cita de la fuente : E/P
  • Información localizada: University of Texas. Library

670 ## - FUENTE EN LA QUE SE LOCALIZARON DATOS

  • Cita de la fuente : Autoridades LC, 24 septiembre 2024 :
  • Información localizada: (Escuela Nacional Preparatoria (Mexico))
  • Uniform Resource Identifier: https://lccn.loc.gov/n85079554

902 ## - CATALOGADOR

  • Catalogador: MMA/310796
  • Catalogador: MaríaRobles/240924